000 004660000a22001810004500
003 MACL
005 20151023145202.0
008 151023b xxu||||| |||| 00| 0 eng d
040 _aMACL
_cMACL
041 _aEnglish
082 _a954/BAN
100 _aBanerjee, Dr A C
_916457
245 _aA Comprehensive History of India
_bVolume-9
260 _bPeople's Publishing House
_c1978
_aNew Delhi
350 _a100
650 _aHistory
_916458
942 _cBK
_k954
_2ddc
999 _c4804
_d4804